000 00452nam a2200169Ia 4500
008 230711s9999||||xx |||||||||||||| ||und||
020 _a978-93259-5618-6
041 _aENG
082 _a658.1511
_bMA-F
100 _aMaheshwari,S N
245 0 _aFinancial accounting for BBA
250 _a5th Ed.
260 _c2012
_aNew Delhi
_bVikas Publishing House Pvt Ltd.
650 _aUNIVESITY BUSNIESS SCHOOL
700 _aMaheshwari,Sharad K
942 _cBK
999 _c5922
_d5922